Tchim e a sida é assim... (Registo nº 3951)

Detalhes MARC
000 -Etiqueta do registo
Cabeçalho 00798nam0a2200289 4500
005 - Identificador da versão
Campo de controlo 20240813122049.0
095 ## -
-- PTBN00495579
010 ## - Número internacional normalizado dos livros (ISBN)
Número (ISBN) 9722505637
021 ## - Número do Depósito Legal
Código do país PT
Número 50964/91
100 ## - Dados gerais de processamento
Dados gerais de processamento 20181030d1991 a y0pory5003 ba
102 ## - Pais de publicação ou produção
País de publicação Portugal
101 0# - Língua de publicação
Língua do texto, banda sonora, etc. Português
215 ## - Descrição física 
Indicação específica da natureza do documento e extensão da espécie 55 p.
Outras indicações físicas il. color
200 1# - Titulo e menção de responsabilidade
Título próprio Tchim e a sida é assim...
Primeira menção de responsabilidade Graça Gonçalves
Outras menções de responsabilidade il. Glória Henriques
225 1# - Colecção 
Título próprio da colecção Tchim
205 ## - Menção da edição
Menção da edição 2ª ed
210 ## - Publicação, Distribuição, etc. 
Lugar da edição, distribuição, etc. Venda Nova
Nome do editor, distribuidor, etc. Bertrand
Data da publicação, distribuição, etc. cop. 1991
300 ## - Notas gerais 
Texto da nota PNL
606 ## - Nome comum usado como assunto
Número de registo de entrada de autoridade 0001335
Palavra de ordem Literatura portuguesa
Subdivisão de assunto Conto
Código do sistema CA
675 ## - Classificação Decimal Universal (CDU)
Notação 821.134.3-34
Edição 3ª ed.
Língua da edição por
702 #1 - Nome de autor-pessoa física (responsabilidade secundária)
Número de registo de entrada de autoridade 0000434
Palavra de ordem Henriques
Outra parte do nome não tomada para palavra de ordem Glória
Código de função Ilustrador / Técnico de desenho computorizado
700 #1 - Nome de autor-pessoa física (responsabilidade principal)
Número de registo de entrada de autoridade 0000433
Palavra de ordem Gonçalves
Outra parte do nome não tomada para palavra de ordem Graça
Datas 1951-
966 ## - Identificação da Biblioteca
Sigla EBVEN
942 ## - Elementos de entrada adicionados (Koha)
Tipo de item no Koha Livro
Exemplares
Situação do levantamento Origin of item (home branch) (coded) Biblioteca de empréstimo Código de barras Cota Circulation type (not for loan) Tipo de documento Nota do exemplar Damaged status
  Biblioteca Escolar das Vendas Biblioteca Escolar das Vendas BEV299 8POR GON PNL   Livro Sem mensagem  
  Biblioteca Escolar das Vendas Biblioteca Escolar das Vendas BEV300 8POR GON PNL   Livro Sem mensagem